| 000 | 00416 a2200169 4500 | ||
|---|---|---|---|
| 003 | Nust | ||
| 005 | 20170207170053.0 | ||
| 040 | _cNust | ||
| 082 | _a621.388 | ||
| 100 | _aKhawaja group | ||
| 245 |
_aSuper-hit schematic diagrams _cKhawaja group |
||
| 260 |
_aLahore _bKhawaja group |
||
| 300 | _a99p | ||
| 500 | _acontents not available | ||
| 538 | _aAlmirah No.40 Shelf No.5 | ||
| 650 | _aSuper-hit schematic diagrams | ||
| 942 |
_2ddc _cBK |
||
| 999 |
_c213870 _d213870 |
||